Social work intervention research (Record no. 28594)

MARC details
000 -LEADER
fixed length control field 00442nam a22001697a 4500
003 - CONTROL NUMBER IDENTIFIER
control field OSt
005 - DATE AND TIME OF LATEST TRANSACTION
control field 20250527152203.0
008 - FIXED-LENGTH DATA ELEMENTS--GENERAL INFORMATION
fixed length control field 250527b |||||||| |||| 00| 0 eng d
020 ## - INTERNATIONAL STANDARD BOOK NUMBER
International Standard Book Number 9788131612576
082 ## - DEWEY DECIMAL CLASSIFICATION NUMBER
Classification number 361.32
Item number D26S
100 ## - MAIN ENTRY--PERSONAL NAME
Personal name Das, D. K. Lal
245 ## - TITLE STATEMENT
Title Social work intervention research
Statement of responsibility, etc by D. K. Lal Das
260 ## - PUBLICATION, DISTRIBUTION, ETC. (IMPRINT)
Place of publication, distribution, etc Jaipur
Name of publisher, distributor, etc Rawat publications
Date of publication, distribution, etc 2022
300 ## - PHYSICAL DESCRIPTION
Extent x, 338p.
Other physical details HB
653 ## - INDEX TERM--UNCONTROLLED
Uncontrolled term Social work
942 ## - ADDED ENTRY ELEMENTS (KOHA)
Source of classification or shelving scheme Dewey Decimal Classification
Koha item type Books
Holdings
Withdrawn status Lost status Source of classification or shelving scheme Damaged status Not for loan Collection code Home library Current library Date acquired Source of acquisition Cost, normal purchase price Total Checkouts Full call number Barcode Date last seen Price effective from Koha item type Date checked out
    Dewey Decimal Classification     General Text Book Central University Of Rajasthan Central University Of Rajasthan 27/05/2025 SCW 1495.00   361.32 D26S 047067 27/05/2025 27/05/2025 Books  
    Dewey Decimal Classification     General Text Book Central University Of Rajasthan Central University Of Rajasthan 27/05/2025 SCW 1495.00   361.32 D26S 047068 27/05/2025 27/05/2025 Books  
    Dewey Decimal Classification     General Text Book Central University Of Rajasthan Central University Of Rajasthan 27/05/2025 SCW 1495.00 1 361.32 D26S 047069 25/06/2026 27/05/2025 Books 27/05/2026
    Dewey Decimal Classification     General Text Book Central University Of Rajasthan Central University Of Rajasthan 27/05/2025 SCW 1495.00 1 361.32 D26S 047070 18/02/2026 27/05/2025 Books 21/01/2026